000 00536nam a2200157 i 4500
001 149998
003 ES-MaACL
005 20230906203336.0
007 t|
008 071025s1940 sp ||||1| spa d
100 1 _aValle Collantes, Francisco.
_9112785
245 1 0 _aLibro de oro del agricultor y del aficionado a la agricultura
_b: mediciones de campos y de solares /
_cpor Francisco Valle Collantes.
260 _aLa Coruña :
_b[s.n.],
_c1940 (
_fImp. Moret)
300 _a311 p. ;
_c19 cm.
852 _aES-MaACL
_jF-15129
_bR.18552
999 _c149998
_d149998